000
00254nam a2200109Ia 4500
005
20251222143124.0
008
251222s9999||||xx |||||||||||||| ||spa||
082
_a
337.18/E53
245
0
_a
Empresa Multinacional Andina:
264
_b
CONITE
942
_c
LIB
999
_c
11668
_d
11668